Helldivers 2 all automaton names - Statistics

General Stats
  • This quiz has been taken 168 times
  • The average score is 10 of 16
Answer Stats
Picture Answer % Correct
Hulk
93%
Dropship
86%
Tank
84%
Scout Strider
80%
Factory strider
79%
Devastator
74%
Gunship
74%
Barrager Tank
69%
Cannon turret
66%
Rocket devastator
59%
Berserker
57%
Trooper
56%
Heavy devastator
50%
Shredder Tank
50%
Commissar
46%
Scorcher Hulk
22%
No matching quizzes found
Score Distribution
Percent of People with Each Score
Percentile by Number Answered
Your Score History
You have not taken this quiz